Directivas para los jóvenes: acciones diarias

সংরক্ষণ করুন:
গ্রন্থ-পঞ্জীর বিবরন
প্রধান লেখক: Goossens, Albert (Author)
বিন্যাস: গ্রন্থ
ভাষা:স্প্যানিশ
প্রকাশিত: Madrid Santa Catalina 1940
সংস্করন:1a. ed
মালা:Biblioteca Ascética, 1
বিষয়গুলি:
ট্যাগগুলো: ট্যাগ যুক্ত করুন
কোনো ট্যাগ নেই, প্রথমজন হিসাবে ট্যাগ করুন!

MARC

LEADER 00000cam a2200000 a 4500
001 UCD0425
003 CL-VaPUC
008 151127e19400000sp |||||||||||||||||spa|d
082 0 4 |a 248.34  |b GOO  |2 21 
100 0 |a Goossens, Albert  |e author  |9 583402 
245 1 0 |a Directivas para los jóvenes: acciones diarias 
250 |a 1a. ed 
300 |a 113 p 
942 |c BK 
945 |d 20151127 13:45:00  |a gsalatino 
260 |a Madrid  |b Santa Catalina  |c 1940 
650 0 |a Espiritualidad   |9 267331 
650 7 |a MEDITACION  |2 CL-VaPUC  |9 313094 
650 7 |a NORMAS  |2 CL-VaPUC  |9 259606 
650 0 |a Jóvenes  |9 326981 
583 |a last modification  |c 20151127 13:45:00  |k Rodrigo Vera 
490 0 |a Biblioteca Ascética, 1 
999 |c 361964  |d 361962 
952 |0 0  |1 0  |3 erb  |4 0  |6 248_340000000000000_GOO_1940  |7 0  |8 P  |9 472740  |a BIBTEO  |b BIBTES  |c TEO_FTES  |i 5271916  |o 248.34 GOO 1940  |p 5271916  |r 2024-01-18  |w 2019-11-24  |y BK  |z Catalogado en:20151127  |k ICR